[Event "Iasi op"]
[Site "Iasi"]
[Date "2014.05.12"]
[Round "3"]
[White "Dumitrascu, Grigore"]
[Black "Salim, Arzu"]
[Result "1/2-1/2"]
[WhiteElo "1710"]
[BlackElo "1512"]
[PlyCount "82"]
[EventDate "2014.05.10"]
[EventType "swiss"]
[EventRounds "9"]
[EventCountry "ROU"]
[SourceTitle "CBM 160 Extra"]
[Source "ChessBase"]
[SourceDate "2014.07.01"]
[SourceVersion "1"]
[SourceVersionDate "2014.07.01"]
[SourceQuality "1"]

1. d4 d5 2. Nf3 Nf6 3. g3 Bf5 4. Bg2 c6 5. 0-0 h6 6. c4 e6 7. Nc3 Nbd7 8. cxd5 exd5 9. Re1 Bd6 10. Nh4 Bh7 11. e4 dxe4 12. Nxe4 Nxe4 13. Bxe4 0-0 14. Bxh7+ Kxh7 15. Nf5 Bb4 16. Bd2 Bxd2 17. Qxd2 Qf6 18. Ne3 Nb6 19. Qd3+ Kg8 20. Ng4 Qd6 21. Rad1 Rfe8 22. Ne5 Rad8 23. Qb3 Qd5 24. Qa3 Ra8 25. b3 Re6 26. Qc1 Rae8 27. Qf4 f6 28. Nd3 Rxe1+ 29. Rxe1 Rxe1+ 30. Nxe1 Qa5 31. Nf3 Qxa2 32. Qb8+ Kh7 33. Qxb7 Qxb3 34. Qxc6 Qd5 35. Qc2+ Kg8 36. Qe2 Kf7 37. Nh4 Qxd4 38. Qa2+ Nc4 39. Nf3 Qd1+ 40. Kg2 Qd5 41. Qxa7+ Kg8 1/2-1/2

[Event "Iasi op"]
[Site "Iasi"]
[Date "2014.05.11"]
[Round "2"]
[White "Gavrilescu, David"]
[Black "Dumitrascu, Grigore"]
[Result "1-0"]
[WhiteElo "1971"]
[BlackElo "1710"]
[PlyCount "43"]
[EventDate "2014.05.10"]
[EventType "swiss"]
[EventRounds "9"]
[EventCountry "ROU"]
[SourceTitle "CBM 160 Extra"]
[Source "ChessBase"]
[SourceDate "2014.07.01"]
[SourceVersion "1"]
[SourceVersionDate "2014.07.01"]
[SourceQuality "1"]

1. e4 c5 2. Nf3 d6 3. d4 cxd4 4. Qxd4 Nf6 5. Bg5 e5 6. Qd3 Be7 7. c4 Be6 8. Nc3 a6 9. Be2 Nbd7 10. 0-0 0-0 11. Rfd1 Qc7 12. Rac1 Rac8 13. b3 h6 14. Bh4 g5 15. Bg3 Nh5 16. Qd2 Nxg3 17. hxg3 Kg7 18. Nh2 f6 19. Bg4 Bxg4 20. Nxg4 Nc5 21. Ne3 Ne6 22. Ncd5 1-0

[Event "ROM-ch"]
[Site "Baile Olanesti"]
[Date "2013.02.23"]
[Round "10"]
[White "Dumitrascu, Grigore"]
[Black "Toma, Mihail"]
[Result "1/2-1/2"]
[WhiteElo "1800"]
[BlackElo "1908"]
[PlyCount "103"]
[EventDate "2013.02.16"]
[EventType "swiss"]
[EventRounds "11"]
[EventCountry "ROU"]
[SourceTitle "CBM 153 Extra"]
[Source "ChessBase"]
[SourceDate "2013.04.22"]
[SourceVersion "1"]
[SourceVersionDate "2013.04.22"]
[SourceQuality "1"]

1. d4 Nf6 2. Nf3 c5 3. dxc5 e6 4. g3 Bxc5 5. Bg2 d5 6. 0-0 0-0 7. Nc3 a6 8. Bg5 Nbd7 9. e3 h6 10. Bxf6 Qxf6 11. a3 Rb8 12. Rb1 b5 13. Na2 Nb6 14. b4 Be7 15. Qd4 Qg6 16. Rfc1 f6 17. Qd3 Qf7 18. Nd2 e5 19. Nc3 Be6 20. Nb3 Rfd8 21. Na5 Rbc8 22. Ne2 Bf8 23. f4 Qc7 24. Qg6 Qf7 25. Qxf7+ Kxf7 26. fxe5 fxe5 27. c3 Rc7 28. Rf1+ Ke8 29. Bf3 g6 30. Rf2 Be7 31. h4 Na4 32. Rc1 Rdc8 33. Rd1 Nxc3 34. Nxc3 Rxc3 35. Bxd5 Bxd5 36. Rxd5 Rxe3 37. Kg2 Rcc3 38. Nb7 Rxg3+ 39. Kh2 Rh3+ 40. Kg2 Rcg3+ 41. Kf1 e4 42. Nd6+ Bxd6 43. Rxd6 Rxh4 44. Rff6 Rh1+ 45. Kf2 Rf3+ 46. Rxf3 exf3 47. Rxg6 Rh2+ 48. Kxf3 Rh3+ 49. Ke4 Rxa3 50. Rxh6 Ra4 51. Kd5 Rxb4 52. Rxa6 1/2-1/2

[Event "ROM-ch"]
[Site "Baile Olanesti"]
[Date "2013.02.17"]
[Round "2"]
[White "Anuta, Laurentiu"]
[Black "Dumitrascu, Grigore"]
[Result "1-0"]
[WhiteElo "2049"]
[BlackElo "1800"]
[PlyCount "113"]
[EventDate "2013.02.16"]
[EventType "swiss"]
[EventRounds "11"]
[EventCountry "ROU"]
[SourceTitle "CBM 153 Extra"]
[Source "ChessBase"]
[SourceDate "2013.04.22"]
[SourceVersion "1"]
[SourceVersionDate "2013.04.22"]
[SourceQuality "1"]

1. d4 d5 2. Nf3 Nf6 3. Bg5 e6 4. e3 Be7 5. Bd3 Nbd7 6. Nbd2 b6 7. c3 Bb7 8. 0-0 0-0 9. a4 a5 10. b3 c5 11. Qe2 Ne4 12. Bxe7 Qxe7 13. Rac1 e5 14. Bb5 Nxd2 15. Nxd2 e4 16. f4 f5 17. g4 fxg4 18. Qxg4 Nf6 19. Qg5 Ba6 20. Bxa6 Rxa6 21. Rf2 Ra7 22. Nf1 h6 23. Qf5 Rd7 24. Rg2 Nh7 25. Qh3 Kh8 26. Rcc2 cxd4 27. cxd4 Rc7 28. Rxc7 Qxc7 29. Qg4 Rf6 30. Qh5 Qc6 31. h4 Nf8 32. Kh2 Qc1 33. Qe2 Qc3 34. Qb5 Qe1 35. Kg1 Qxh4 36. Qxd5 Rg6 37. Qxe4 Rxg2+ 38. Qxg2 Qf6 39. Qg4 Ng6 40. Ng3 Ne7 41. Kf2 Qc6 42. Qe2 Nd5 43. Qd2 Nf6 44. Qe2 Qc3 45. Qd1 Ne8 46. Nf1 Nf6 47. Nd2 h5 48. Nc4 Ng4+ 49. Kf3 Qb4 50. d5 Qe7 51. d6 Qh4 52. Qg1 Qh3+ 53. Ke2 Nh2 54. Kd3 Nf3 55. Qd1 Qf5+ 56. Kc3 Qe4 57. b4 1-0